| 000 | 00717 a2200193 4500 | ||
|---|---|---|---|
| 020 | _a0198509421 | ||
| 020 | _a9780198509424 | ||
| 082 | 0 | 4 | _a572.8380151 |
| 090 |
_c1361 _d1361 |
||
| 100 | 1 | _aSemple, Charles. | |
| 245 | 1 | 0 |
_aPhylogenetics / _cCharles Semple, Mike Steel. |
| 260 |
_a[S.l.] : _bOxford University Press, USA, _c2003. |
||
| 300 |
_a256 p. ; _c24 cm. |
||
| 490 | 1 | _aOxford lecture series in mathematics and its applications. | |
| 700 | 1 | _aSteel, Mike. | |
| 830 | 0 | _aOxford lecture series in mathematics and its applications. | |
| 942 |
_aSNS _cBK _k572.8380151 SEM |
||
| 999 |
_c29973 _d29973 |
||